| 000 | 00825nam a2200205 i 4500 | ||
|---|---|---|---|
| 001 | 170706 | ||
| 003 | ES-MaACL | ||
| 005 | 20250831072601.0 | ||
| 008 | 090331s1950 sp |||| | spa d | ||
| 100 | 1 |
_aLlorca, Bernardino. _972853 |
|
| 245 | 1 | 0 |
_aHistoria de la Iglesia Católica _b: en sus cuatro grandes edades: antigua, media, nueva y moderna. _nT. I, _pEdad antigua (1-681) : La iglesia en el mundo grecorromano / _cpor Bernardino Llorca. |
| 260 |
_aMadrid : _bLa Editorial Católica, _c1950. |
||
| 300 |
_aXXXII, 961 p. : _bil. ; _c20 cm. |
||
| 490 | 1 |
_aBiblioteca de autores cristianos ; _v54 |
|
| 650 | 0 | 7 |
_aHistoria eclesiástica _2embne _913400 |
| 830 | 0 | 0 |
_aBiblioteca de autores cristianos _v54 _9178679 |
| 852 |
_aES-MaACL _jJ-52 _9R.46092 |
||
| 852 | 1 |
_aBA _jP-708-bis |
|
| 999 |
_c170706 _d170706 |
||